| 000 | 00486nam a2200169Ia 4500 | ||
|---|---|---|---|
| 999 |
_c5881 _d5881 |
||
| 003 | OSt | ||
| 005 | 20200121145734.0 | ||
| 008 | 190216s9999||||xx |||||||||||||| ||und|| | ||
| 020 | _a8120715187 | ||
| 040 | _coclc | ||
| 082 |
_a658.3 _bGOE/P |
||
| 100 |
_aGoel, S L _91386 |
||
| 245 | 0 |
_aPersonnel Administration And Management / _cS L Goel |
|
| 260 |
_bSterling Publications, _c1998. _aNew Delhi: |
||
| 300 | _a466p | ||
| 942 |
_cBK _2ddc _h658.3 _iGOE/P _k658.3 _mGOE/P |
||